000 00543nam a2200181Ia 4500
005 20250326143158.0
008 250326s9999 xx 000 0 und d
037 _aTextbook
040 _aFMSL
_beng
_cFMSL
041 _aeng
_2eng
084 _aX65 M5
_qFMSL
100 _aLorenz T
_9747313
245 0 _aVenture capital today : guide to the venture capital market in the United Kingdom
_cLorenz T
260 _aEngland
_bEngland, Woddhead-Faulkner
_c1985
300 _a214p
942 _cTB
_hX65 M5
999 _c1298466
_d1298466